<?xml version="1.0" encoding="UTF-8"?>
<record
    xmlns:xsi="http://www.w3.org/2001/XMLSchema-instance"
    xsi:schemaLocation="http://www.loc.gov/MARC21/slim http://www.loc.gov/standards/marcxml/schema/MARC21slim.xsd"
    xmlns="http://www.loc.gov/MARC21/slim">

  <leader>00589nam a22001697a 4500</leader>
  <controlfield tag="008">230630b        |||||||| |||| 00| 0 eng d</controlfield>
  <datafield tag="040" ind1=" " ind2=" ">
    <subfield code="a">National Science Library</subfield>
    <subfield code="c">National Science Library</subfield>
  </datafield>
  <datafield tag="080" ind1=" " ind2=" ">
    <subfield code="a">504 </subfield>
    <subfield code="b">P6.1</subfield>
  </datafield>
  <datafield tag="100" ind1=" " ind2=" ">
    <subfield code="a">Rawat, Gyanendra </subfield>
  </datafield>
  <datafield tag="245" ind1=" " ind2=" ">
    <subfield code="a">&#x92A;&#x930;&#x94D;&#x92F;&#x93E;&#x935;&#x930;&#x923;: </subfield>
    <subfield code="b">&#x90F;&#x915; &#x935;&#x93F;&#x936;&#x94D;&#x932;&#x947;&#x937;&#x923;&#x93E;&#x924;&#x94D;&#x92E;&#x915; &#x905;&#x927;&#x94D;&#x92F;&#x92F;&#x928;, &#x92D;&#x93E;&#x917;-1</subfield>
  </datafield>
  <datafield tag="246" ind1=" " ind2=" ">
    <subfield code="a">Paryavaran: </subfield>
    <subfield code="b">Ek vishleshanatmak adhyayan, Part-1</subfield>
  </datafield>
  <datafield tag="260" ind1=" " ind2=" ">
    <subfield code="a">New Delhi: </subfield>
    <subfield code="b">University Publication, </subfield>
    <subfield code="c">2006</subfield>
  </datafield>
  <datafield tag="300" ind1=" " ind2=" ">
    <subfield code="a">197p. </subfield>
  </datafield>
  <datafield tag="650" ind1=" " ind2=" ">
    <subfield code="a">Pollution </subfield>
  </datafield>
  <datafield tag="653" ind1=" " ind2=" ">
    <subfield code="a">Environment </subfield>
  </datafield>
  <datafield tag="942" ind1=" " ind2=" ">
    <subfield code="2">udc</subfield>
    <subfield code="c">REF</subfield>
  </datafield>
  <datafield tag="999" ind1=" " ind2=" ">
    <subfield code="c">48392</subfield>
    <subfield code="d">48392</subfield>
  </datafield>
  <datafield tag="952" ind1=" " ind2=" ">
    <subfield code="0">0</subfield>
    <subfield code="1">0</subfield>
    <subfield code="2">udc</subfield>
    <subfield code="4">0</subfield>
    <subfield code="6">504_P61</subfield>
    <subfield code="7">0</subfield>
    <subfield code="9">74631</subfield>
    <subfield code="a">NSL</subfield>
    <subfield code="b">NSL</subfield>
    <subfield code="c">GF/REF/Rk-2/C-9/R-3</subfield>
    <subfield code="d">2006-10-05</subfield>
    <subfield code="l">0</subfield>
    <subfield code="o">504 P6.1</subfield>
    <subfield code="p">226703</subfield>
    <subfield code="r">2023-06-30 00:00:00</subfield>
    <subfield code="w">2006-10-05</subfield>
    <subfield code="y">REF</subfield>
  </datafield>
</record>
